000 00605nam a2200229Ia 4500
005 20250425161746.0
008 250425s9999 xx 000 0 und d
020 _a9701009495
041 _aspa
082 _a629.895
100 _aSHINSKEY, F.G.
245 0 _aSISTEMAS DE CONTROL DE PROCESOS: APLICACION, DISEÑO Y SINTONIZACION
250 _a1A ED.
260 _aMEXICO
260 _aMéxico
_bMC GRAW HILL
_c1996
300 _a265
650 _aCONTROL AUTOMATICO
650 _aCONTROL DE PROCESOS
700 _aJOSE HERNAN PEREZ CASTELLANOS
_etraductor
942 _c01
010 _a27974
999 _c215534
_d215534